| 000 | 00752nam a22002297a 4500 | ||
|---|---|---|---|
| 999 |
_c14936 _d14936 |
||
| 003 | MIRAKIL | ||
| 005 | 20220622112444.0 | ||
| 008 | |||
| 020 | _a9786257288941 | ||
| 040 |
_cTR-AnCHP _aTR-AnCHP |
||
| 041 | _atur | ||
| 082 |
_a928.94335 _bA41a 2021 |
||
| 100 | _aAlbayrak, B. Sadık | ||
| 245 | 1 | 0 |
_aAdana'dan İstanbul'a büyük dönüşümün yazarı: _bOrhan Kemal/ _cB. Sadık Albayrak. |
| 246 | _aOrhan Kemal | ||
| 260 |
_aİstanbul : _bİstanbul Büyükşehir Belediyesi; _c2021. |
||
| 300 |
_a335 s. : _bfotğ ; _c26 sm. |
||
| 504 | _aKaynakça ve dizin vardır. | ||
| 600 | 0 | 0 |
_aOrhan Kemal, _d1914-1970 _xyaşamöyküsü |
| 650 | 0 |
_aYazarlar, Türk _y20 yy. _95390 _xyaşamöyküsü |
|
| 942 |
_2ddc _cBKS |
||